Ten Easternmost Megacities - Statistics

General Stats
  • This quiz has been taken 65 times
  • The average score is 7 of 10
Answer Stats
Longitude Megacity % Correct
139.65° E Tokyo
100%
126.97° E Seoul
91%
135.50° E Osaka
87%
121.47° E Shanghai
87%
120.98° E Manila
83%
136.90° E Nagoya
70%
121.56° E Taipei
61%
117.19° E Tianjin
44%
118.08° E Xiamen
33%
120.15° E Hangzhou
22%
No matching quizzes found
Score Distribution
Percent of People with Each Score
Percentile by Number Answered
Your Score History
You have not taken this quiz